Music Quiz

Random Music or Clickable Quiz

Clickable Hits of the 2000s Quiz Stats

 Plays Quiz Updated Jun 9, 2014

Also try: 2000s Lyric Match
Challenge
Share
Tweet
Embed
Score 0/65 Timer 10:00
0 Plays Today
% Correct
Lady Gaga
93%
Beyoncé
92.7%
Katy Perry
92.6%
Rihanna
89.5%
Shakira
88.6%
Britney Spears
88.3%
Gwen Stefani
86.2%
OutKast
84%
Kelly Clarkson
83.9%
Miley Cyrus
83.9%
Eminem
83.9%
Ke$ha
83.8%
Red Hot Chili Peppers
82.3%
Green Day
81.3%
Jennifer Lopez
80.8%
Justin Timberlake
79.6%
Avril Lavigne
79.2%
Maroon 5
79%
Jay-Z
75.8%
Christina Aguilera, Mya, Lil' Kim & P!nk
75.6%
Pussycat Dolls
75.5%
Coldplay
74.7%
50 Cent
74.2%
The Killers
73.8%
The Fray
73.8%
Blink-182
73.1%
The White Stripes
71.1%
Leona Lewis
71.1%
Usher
71.1%
Black Eyed Peas
70.4%
P!nk
70.2%
U2
70.2%
Kings of Leon
70.1%
% Correct
Train
69.9%
Evanescence
69.8%
Snoop Dogg
69.7%
Carrie Underwood
69.3%
Daniel Powter
68.9%
Taylor Swift
68.7%
Snow Patrol
68.4%
Flo Rida
67.2%
Kelis
67.1%
Gnarls Barkley
66.8%
Soulja Boy Tell 'Em
66.7%
Nickelback
65.9%
Natasha Bedingfield
65.9%
Vanessa Carlton
64.4%
Gorillaz
64%
Amy Winehouse
63.8%
Fountains of Wayne
63.8%
Florence + the Machine
62.4%
Kylie Minogue
60.9%
M.I.A.
60.8%
Alicia Keys
60.1%
Linkin Park
59.9%
3 Doors Down
59.7%
Adele
59.1%
Fall Out Boy
57.8%
My Chemical Romance
57.4%
Franz Ferdinand
56.3%
Creed
56.3%
KT Tunstall
54.9%
Panic! At the Disco
54.6%
Hoobastank
54.3%
The Darkness
51.1%

You're not logged in!

Compare scores with friends on all Sporcle quizzes.
OR
Log In

You Might Also Like...

Show Comments

Extras

Top Quizzes Today


Score Distribution

Your Account Isn't Verified!

In order to create a playlist on Sporcle, you need to verify the email address you used during registration. Go to your Sporcle Settings to finish the process.

Report this User

Report this user for behavior that violates our Community Guidelines.

Details: